[Event "58th BRA-chW 2019"]
[Site "Rio de Janeiro"]
[Date "2019.02.21"]
[Round "3.4"]
[White "Librelato, Kathie Goulart"]
[Black "Alboredo, Julia"]
[Result "1/2-1/2"]
[WhiteElo "2172"]
[BlackElo "2212"]
[Annotator "NA"]
[PlyCount "178"]
[EventDate "2019.02.16"]
[EventType "k.o."]
[EventCountry "BRA"]
[SourceTitle "playchess.com"]
[Source "ChessBase"]
[SourceQuality "1"]

1. Nf3 Nf6 2. g3 g6 3. Bg2 Bg7 4. O-O d5 5. d4 O-O 6. c4 dxc4 7. Na3 c3 8. bxc3 c5 9. Bb2 Nc6 10. Re1 Nd5 11. e4 Nb6 12. d5 Na5 13. Qc2 Nac4 14. Nxc4 Nxc4 15. Bc1 Qa5 16. e5 Bf5 17. Qb3 b5 18. a4 a6 19. Bf4 Nb6 20. axb5 Qxb5 21. Nd2 Rad8 22. c4 Qxb3 23. Nxb3 Nxc4 24. Rxa6 h6 25. h4 Rc8 26. Rc6 g5 27. hxg5 hxg5 28. Bxg5 Nxe5 29. Rxc5 Rb8 30. Nc1 f6 31. Bf4 Rb2 32. Rc7 Ng6 33. Be3 Rfb8 34. Bd4 Rd2 35. Be3 Rdb2 36. Bd4 Rb1 37. Bc3 Bh6 38. f4 Nxf4 39. gxf4 Bxf4 40. Ba5 Bxc7 41. Bxc7 Rc8 42. Bf4 Kf7 43. Bf3 Bg6 44. Kf1 Rc4 45. Ne2 Rb2 46. Bg3 Ra4 47. Bg2 Bd3 48. Bf3 Ra3 49. Bh5+ Kg7 50. Kg2 Be4+ 51. Kh3 Bxd5 52. Nf4 Rbb3 53. Rg1 Kh6 54. Bd1 Rd3 55. Nxd3 Rxd3 56. Be2 Re3 57. Bg4 e5 58. Rf1 Kg6 59. Kh2 Kg5 60. Bh3 Ra3 61. Rf5+ Kg6 62. Rf2 Bf3 63. Bg2 Bg4 64. Bh3 Bf3 65. Bg2 Bg4 66. Bh3 Bxh3 67. Kxh3 f5 68. Kg2 Ra5 69. Bxe5 Rxe5 70. Kf3 Ra5 71. Re2 Kg5 72. Re3 Ra4 73. Rb3 Rh4 74. Kf2 Kg4 75. Ra3 Rh2+ 76. Kf1 Rb2 77. Rc3 Rh2 78. Ra3 Rh3 79. Rxh3 Kxh3 80. Kf2 Kg4 81. Kg2 Kf4 82. Kf2 Kg4 83. Kg2 f4 84. Kf2 f3 85. Kf1 Kf4 86. Kf2 Ke4 87. Kf1 Ke3 88. Ke1 f2+ 89. Kf1 Kf3 1/2-1/2

[Event "58th BRA-chW 2019"]
[Site "Rio de Janeiro"]
[Date "2019.02.22"]
[Round "4.1"]
[White "Librelato, Kathie Goulart"]
[Black "Terao, Juliana Sayumi"]
[Result "0-1"]
[WhiteElo "2172"]
[BlackElo "2241"]
[Annotator "NA"]
[PlyCount "94"]
[EventDate "2019.02.16"]
[EventType "k.o."]
[EventCountry "BRA"]
[SourceTitle "playchess.com"]
[Source "ChessBase"]
[SourceQuality "1"]

1. e4 c5 2. Nf3 Nc6 3. d4 cxd4 4. Nxd4 Nf6 5. Nc3 d6 6. Bg5 Bd7 7. Qd2 Rc8 8. O-O-O Nxd4 9. Qxd4 Qa5 10. Bh4 g5 11. Bg3 Bg7 12. Be2 Nh5 $15 ({Black should try} 12... Rc5 $17 13. a3 O-O) 13. Qd5 Rc5 14. Qb3 (14. Qxb7 $15 Nxg3 15. hxg3) 14... Nxg3 15. hxg3 O-O 16. Bd3 Bxc3 17. bxc3 Rxc3 18. Qb2 Rfc8 19. e5 Qxe5 20. Bxh7+ Kf8 21. Bd3 b5 22. Kb1 a5 23. Rh7 e6 24. f4 gxf4 25. gxf4 Qc5 26. g4 a4 27. g5 a3 28. Qc1 Be8 29. f5 exf5 30. Rdh1 Rxd3 31. g6 Qb4+ 32. Ka1 Qb2+ 33. Qxb2 axb2+ 34. Kxb2 Rg3 35. Rh8+ Kg7 36. gxf7 Kxf7 37. R1h5 Bd7 38. R8h6 Rg6 39. Rh7+ Ke6 40. Rh1 Bc6 41. Rd1 Be4 42. Rd2 f4 43. Rh4 Rf8 44. Rd4 d5 45. Rb4 f3 46. Rxb5 f2 47. Rb6+ Kf5 0-1

[Event "58th BRA-chW 2019"]
[Site "Rio de Janeiro"]
[Date "2019.02.23"]
[Round "4.2"]
[White "Terao, Juliana Sayumi"]
[Black "Librelato, Kathie Goulart"]
[Result "1-0"]
[WhiteElo "2241"]
[BlackElo "2172"]
[Annotator "NA"]
[PlyCount "59"]
[EventDate "2019.02.16"]
[EventType "k.o."]
[EventCountry "BRA"]
[SourceTitle "playchess.com"]
[Source "ChessBase"]
[SourceQuality "1"]

1. Nf3 Nf6 2. c4 g6 3. Nc3 Bg7 4. d4 O-O 5. e3 d6 6. Be2 Nbd7 7. O-O e5 8. b4 a5 9. b5 Re8 10. Qc2 e4 11. Nd2 Qe7 12. Ba3 Nf8 13. Rfc1 Bf5 14. Qd1 h5 15. Nd5 Qd8 16. b6 cxb6 17. Rab1 Nxd5 18. cxd5 Nh7 19. Nc4 Bf8 20. Rxb6 Nf6 21. Rb5 Bd7 22. Rxb7 Nxd5 23. Nxd6 Re6 24. Nxf7 Kxf7 25. Bb5 Bxa3 26. Rxd7+ Qxd7 27. Bxd7 Rd6 28. Bc6 Bxc1 29. Bxa8 Nb6 30. Bxe4 1-0

[Event "58th BRA-chW 2019"]
[Site "Rio de Janeiro"]
[Date "2019.02.24"]
[Round "4.3"]
[White "Librelato, Kathie Goulart"]
[Black "Terao, Juliana Sayumi"]
[Result "1-0"]
[WhiteElo "2172"]
[BlackElo "2241"]
[Annotator "NA"]
[PlyCount "59"]
[EventDate "2019.02.16"]
[EventType "k.o."]
[EventCountry "BRA"]
[SourceTitle "playchess.com"]
[Source "ChessBase"]
[SourceQuality "1"]

1. e4 c5 2. Nf3 Nc6 3. d4 cxd4 4. Nxd4 Nf6 5. Nc3 e6 6. a3 d6 7. Be2 Be7 8. O-O e5 9. Nb3 a5 10. Be3 O-O 11. Qd3 Be6 12. Rad1 a4 13. Nd2 Qb8 $16 ({Black should play} 13... d5 $14 14. Nxd5 Nxd5 15. exd5 Qxd5) 14. Nc4 Bxc4 15. Qxc4 Rc8 16. Nd5 Nxd5 17. Qxd5 Qc7 18. c3 Rd8 19. Bc4 Bf6 20. Qb5 Ra6 21. Ba2 Rc8 22. Rd2 Ra5 23. Qc4 b5 24. Qd3 Be7 25. f4 Rf8 26. f5 Qd8 27. Qe2 Na7 28. Qg4 Nc8 29. Rf3 Bf6 30. Rh3 1-0

[Event "58th BRA-chW 2019"]
[Site "Rio de Janeiro"]
[Date "2019.02.25"]
[Round "4.4"]
[White "Terao, Juliana Sayumi"]
[Black "Librelato, Kathie Goulart"]
[Result "0-1"]
[WhiteElo "2241"]
[BlackElo "2172"]
[Annotator "TA"]
[PlyCount "124"]
[EventDate "2019.02.16"]
[EventType "k.o."]
[EventCountry "BRA"]
[SourceTitle "playchess.com"]
[Source "ChessBase"]
[SourceQuality "1"]

{[%evp 12,124,34,0,-7,-23,-19,-20,-18,-23,-9,-9,0,0,0,-12,3,4,37,2,55,53,197,133,204,204,198,13,21,17,28,0,0,0,0,2,19,0,21,-12,-12,0,0,-25,-18,-81,-68,-88,-76,-79,-18,-32,-19,-96,-91,-86,-79,-91,-92,-89,-87,-108,-110,-104,-100,-128,-122,-303,-320,-318,-312,-445,-433,-514,-521,-506,-493,-471,-457,-531,-483,-623,-622,-1488,-736,-1016,-940,-1494,-954,-1576,-1393,-5206,-1702,-2135,-1565,-5991,-5210,-29990,-1306,-1283,-1301,-1207,-1200,-1134,-527,-1139,-1017,-1601,-1477,-3179,-2069,-29982,-29983,-29982,-29983]} 1. e4 e5 2. Nf3 Nc6 3. Nc3 Nf6 4. d4 exd4 5. Nxd4 Bc5 6. Be3 Bb6 7. Nxc6 (7. Qd2 {with more complications.} O-O 8. O-O-O Re8 9. f3 d5 10. exd5 Nxd5 11. Nxc6 bxc6 12. Bxb6 axb6 13. Nxd5 cxd5 14. Bb5) 7... bxc6 {C47: Scotch Four Knights and Four Knights with 4 g3} 8. Bxb6 (8. Qd2 {keeps more tension.} O-O 9. O-O-O Re8 10. f3 d5 11. g4) 8... axb6 9. Bd3 O-O {The position is equal.} 10. O-O Re8 11. Qd2 (11. Re1 d5 12. exd5 cxd5 13. Rxe8+ Qxe8 14. Qe2 Qd7 15. Qe5 Bb7 16. Nb5 c5 17. Nd6 Rd8 18. Nxb7 Qxb7 19. Bb5 Qb8 20. Qxb8 Rxb8 21. f3 Ne8 22. Bxe8 {½-½ (22) Iakymov,V (2442)-Zubov,A (2624) Israel 2018}) 11... Bb7 12. Rfe1 d6 13. Rad1 c5 14. a3 $146 ({Predecessor:} 14. Qf4 Qe7 15. Re3 {0-1 (24) Sosa,B (1263)-Ibarra,J (1921) Montevideo 2017}) 14... Ng4 15. f4 Qf6 (15... Nf6 $11) 16. Bb5 $14 Re7 {[#]} ({Black should try} 16... Rf8 $14) 17. h3 ({Better is} 17. e5 $1 $18 {[%mdl 512]} Qg6 (17... dxe5 18. Qd8+) 18. h3 (18. exd6 Rxe1+ 19. Rxe1 Qxd6 $16)) 17... Nh6 {[#]} (17... Qd4+ $16 18. Qxd4 cxd4) 18. e5 $1 $18 {[%cal Re5f6][%mdl 512]} Qh4 (18... dxe5 19. Qd8+) 19. Nd5 $2 ({White must play} 19. exd6 $18 Rxe1+ 20. Qxe1 Qxe1+ 21. Rxe1 cxd6 22. Re7) 19... Bxd5 $1 $11 20. Qxd5 {[%mdl 64] Double Attack} Rf8 21. Re4 Nf5 22. c3 Ng3 23. Ra4 dxe5 24. fxe5 Qg5 25. Ra8 g6 26. Rxf8+ Kxf8 27. Re1 Nh5 28. Rf1 (28. Qa8+ $11 Kg7 29. Qe4) 28... Kg7 29. Bc4 {[%cal Rf1f7]} Qe3+ 30. Kh2 {[%cal Rf1f7] [#]} Qg3+ (30... Nf4 $1 $17 {[%cal Rf4d5]} 31. Qf3 Qxf3 32. Rxf3 g5) 31. Kh1 {[%cal Rf1f7]} Nf4 32. Qf3 (32. Qd2 $11 Nh5 33. Qd5) 32... Qxf3 $17 33. Rxf3 {[%mdl 4096] Endgame KRB-KRN} g5 34. h4 h6 35. hxg5 hxg5 36. Re3 Ng6 37. e6 {[#]} f5 $1 38. a4 Kf6 39. a5 $2 (39. b4 $17) 39... bxa5 40. Re1 Ne5 41. Ba2 (41. Bb5 $142) 41... c4 $19 42. b3 Rxe6 43. bxc4 Rd6 44. Bb3 Rd3 45. Rc1 f4 46. c5 Ng4 47. Bc4 Rd2 (47... Nf2+ $142 48. Kh2 Rd1 49. Rxd1 Nxd1) 48. Bb5 Ne3 49. Bc6 Ra2 50. Rb1 g4 51. Kh2 Kg5 (51... f3 $142 52. Kh1 Rxg2) 52. Rb8 Ra1 53. Rg8+ Kh6 {( -> ...Nf1+)} 54. g3 f3 (54... Ra2+ $142 55. Bg2 Rxg2+ {[%mdl 64] Double Attack} 56. Kh1 f3 57. Rh8+ Kg7 58. Rh4 a4 59. c4 a3 60. Rh5 f2 61. Rg5+ Kf6 62. Rf5+ Kxf5 63. c6 f1=Q#) 55. Rf8 Nf1+ 56. Kg1 Nxg3+ 57. Kf2 Nh1+ 58. Ke3 f2 59. Bg2 a4 {[%cal Ba5a4,Ba4a3][%mdl 32]} 60. Ke2 a3 61. Bxh1 {[#]} f1=Q+ $1 {[%mdl 512]} 62. Rxf1 Rxf1 {Accuracy: White = 36%, Black = 56%.} 0-1

[Event "58th BRA-chW 2019"]
[Site "Rio de Janeiro"]
[Date "2019.02.25"]
[Round "4.5"]
[White "Terao, Juliana Sayumi"]
[Black "Librelato, Kathie Goulart"]
[Result "1-0"]
[WhiteElo "2241"]
[BlackElo "2172"]
[Annotator "TA"]
[PlyCount "137"]
[EventDate "2019.02.16"]
[EventType "k.o."]
[EventCountry "BRA"]
[SourceTitle "playchess.com"]
[Source "ChessBase"]
[SourceQuality "1"]

{[%evp 21,137,10,25,10,18,19,28,26,75,32,76,38,101,100,95,87,117,124,104,70,65,41,61,68,97,77,104,100,115,114,166,96,108,92,137,133,147,116,116,104,120,97,404,400,371,106,114,93,91,89,109,78,186,101,119,108,545,528,758,739,672,666,655,652,828,539,572,548,1050,1062,1041,1044,995,964,29989,1008,1270,1262,5489,5234,4047,3512,1489,1281,1269,1086,1077,1033,1014,977,961,883,1021,988,1039,1037,2408,5879,2381,1957,5465,4956,29964,29962,29970,2041,29965,29968,29990,29975,29975,29975,29976,29976,29974,29975,29977,29973]} 1. c4 Nf6 2. Nc3 e6 3. d4 d5 4. Nf3 Be7 5. Bg5 O-O 6. e3 h6 7. Bh4 b6 8. Be2 Bb7 9. Bxf6 Bxf6 10. cxd5 exd5 11. O-O c5 12. dxc5 {D58: Queen's Gambit Declined: Tartakower Defence} bxc5 13. Qb3 Qd7 (13... Bc6 14. Rfd1 Bxc3 15. Qxc3 Nd7 16. b4 Rc8 17. bxc5 Ba8 18. Qa3 Qc7 19. Rac1 Nxc5 20. Rc2 {1-0 (20) Xu,Y (2539)-Guo,Y (2407) Shenzhen 2017}) 14. Rfd1 {[%cal Rc3d5] White has an edge.} Rd8 15. Rac1 $146 {Threatens to win with Ne4!} ({Predecessor:} 15. Rd2 a5 16. Bb5 Qf5 17. Na4 d4 18. Bd3 Qd5 19. Bc4 Qc6 20. Bxf7+ {1-0 (36) Miroshnik,E (2024)-Beliakova,I (1663) Moscow 2018}) 15... Bc6 16. Rd2 (16. e4 $5 d4 17. Bc4 $14) 16... a5 ({Black should play} 16... Qe6 $14) 17. Rcd1 $1 $16 {[%cal Rc3d5]} a4 18. Qb6 $1 {Nxd5 is the strong threat.} Qe6 {aiming for ...Nd7.} 19. Qxc5 Nd7 20. Qb4 {[%cal Rc3d5]} Rab8 21. Qa5 {[%cal Rc3d5]} Ra8 22. Qc7 {[%cal Rc3d5]} Rdc8 23. Qf4 {[%cal Rc3d5]} a3 24. Nd4 $1 {[%cal Rd4e6]} ({Wrong is} 24. Nxd5 $2 Bxd5 25. bxa3 (25. Rxd5 $2 axb2 {[%mdl 64] Discovered Attack} 26. Rxd7 Qxd7 $19) 25... Bc6 $19) 24... Bxd4 25. Qxd4 Nf6 (25... axb2 $16 26. Rxb2 Nf6) 26. bxa3 ({Better is} 26. b3 $18) 26... Rxa3 27. h3 Rca8 28. Rb2 Qe7 29. Bf3 Qa7 30. Qd2 Qa5 31. Rc1 Qa6 $2 {[%mdl 8192]} (31... Ne4 $16 32. Bxe4 dxe4) 32. Nb1 $18 Ra5 {[#]} 33. Rbc2 $2 (33. Be2 $1 $18 {[%cal Re2a6] is the precise move to win.} Qc8 34. Rbc2) 33... Bb5 34. Bxd5 Nxd5 35. Qxd5 Bd3 36. Rc5 Rxa2 {[#]} (36... Rxc5 $16 {was necessary.} 37. Qxc5 Qxa2) 37. Nc3 (37. Rc6 $1 $18 {[%cal Rc6a6]} Qb5 38. Rc8+ Kh7 39. R8c5 (39. Qxf7 Rxc8 40. Rxc8 Ra1 $11)) 37... Rb2 38. Rc6 $40 {[%mdl 128] White goes for the king.} Bc4 $2 {[%mdl 8192]} (38... Qb7 $16 {is more resistant.}) 39. Qxc4 ({Less strong is} 39. Rxa6 Bxd5 40. Rxa8+ Bxa8 $16) 39... Qb7 40. Rc7 {Threatening mate with Qxf7+.} Qb3 41. Qxb3 Rxb3 42. Nd5 Ra2 43. R1c2 Rb1+ 44. Kh2 Raa1 45. Ne7+ Kh7 46. Nf5 Kg6 47. e4 {And now R2c6+ would win.} h5 48. Kg3 (48. R2c6+ $142 Kg5 49. Rxf7 Rh1+ 50. Kg3 Ra3+ 51. f3 Rxf3+ 52. gxf3 Rxh3+ 53. Kxh3) 48... Rb3+ 49. f3 {White threatens R2c6+ and mate.} Ra6 50. R2c6+ Rxc6 51. Rxc6+ {[%mdl 4096] Endgame KRN-KR} Kh7 52. Rc7 Kg6 53. Ne7+ Kh7 54. Nd5 Kg8 55. Rc3 Rb2 56. Ne3 Re2 57. Kf4 Kh7 58. h4 f6 59. g3 Kg8 60. e5 fxe5+ 61. Kxe5 Kh7 62. Kf5 Rf2 63. Nd5 (63. Nc4 $142 Ra2 64. Kg5 Kg8 65. Ne5 Ra8 66. Kxh5 Rf8 67. f4 Rd8 68. Rc7) 63... Rg2 64. Nf4 {White mates.} Rxg3 65. Nxh5 g6+ 66. Kf4 Rh3 67. Nf6+ Kg7 68. Kg5 Rg3+ 69. Ng4 {Accuracy: White = 43%, Black = 23%.} 1-0

[Event "58th BRA-chW 2019"]
[Site "Rio de Janeiro"]
[Date "2019.02.25"]
[Round "4.6"]
[White "Librelato, Kathie Goulart"]
[Black "Terao, Juliana Sayumi"]
[Result "1/2-1/2"]
[WhiteElo "2172"]
[BlackElo "2241"]
[Annotator "TA"]
[PlyCount "102"]
[EventDate "2019.02.16"]
[EventType "k.o."]
[EventCountry "BRA"]
[SourceTitle "playchess.com"]
[Source "ChessBase"]
[SourceQuality "1"]

{[%evp 22,102,79,87,90,93,120,77,94,87,204,207,225,214,217,206,199,193,211,135,140,112,190,183,291,297,290,286,275,239,291,263,455,439,438,440,777,550,526,344,343,326,400,341,340,0,0,0,0,-300,-298,-243,0,0,0,0,0,-8,742,0,0,-177,-164,-137,0,0,0,-116,0,0,0,-178,0,0,0,-172,0,0,0,-96,0,0,0]} 1. e4 c5 2. Nf3 Nc6 3. d4 cxd4 4. Nxd4 Nf6 5. Nc3 d6 6. Bg5 Bd7 7. Qd2 Rc8 8. f4 h6 9. Bxf6 {B61: Sicilian: Richter-Rauzer: 6...Bd7 7 Qd2} gxf6 10. Nf5 Qa5 11. Bd3 e6 12. Ne3 {LiveBook: 4 Games} a6 13. O-O {[#]} b5 $146 ({Predecessor:} 13... h5 14. Kh1 Be7 15. a3 Qc5 16. Ne2 b5 {1-0 (25) Kulaots,K (2499)-Krakops,M (2518) Mezezers 2000}) 14. a3 Bg7 15. Qf2 (15. Kh1 {feels hotter.} Qb6 16. Rad1 h5 17. Be2 Ne7 18. Bf3) 15... f5 (15... Qb6 $16) 16. exf5 $18 Bxc3 17. fxe6 (17. bxc3 $6 Qxc3 18. fxe6 fxe6 $16) 17... Bxe6 18. bxc3 Qxc3 19. f5 Bd7 20. Rae1 Ne5 21. Qh4 ({Resist} 21. Nd5 $6 Qc5 $14) 21... Kf8 (21... Qc5 $16 {was called for.}) 22. Kh1 $36 {[%mdl 2048] White is in control.} Qc5 (22... Bc6 $142 23. Qf6 Kg8) 23. Ng4 Bc6 24. Qf6 Rg8 25. Qxh6+ Ke7 26. Qh4+ Kf8 $2 (26... Kd7 27. Nf6+ Kc7 28. Nxg8 Rxg8) 27. h3 ({Less strong is} 27. Qh6+ Ke7 $18) 27... Qd4 {[%cal Re5g4]} 28. Qh6+ Ke8 (28... Ke7 $142 29. Qf6+ Kf8) 29. Nf6+ Ke7 30. Nxg8+ Rxg8 31. Re2 Bd5 32. Kh2 Kd7 33. Rf4 $2 (33. Qf4 $18 Qxf4+ 34. Rxf4) 33... Nf3+ $1 $11 34. Rxf3 Bxf3 35. Rd2 $2 {[%mdl 8192]} (35. Qd2 $11 Qg7 36. Rf2 Qe5+ 37. Kg1) 35... Qe5+ $19 36. Kg1 Bd5 $2 (36... Rh8 $19 37. Qg5 Rh5) 37. Re2 $11 Qa1+ 38. Kh2 Qxa3 39. Qf6 Qc1 $2 {[%mdl 8192]} (39... Kc6 $11) 40. Qe7+ $2 (40. Re7+ $18 Kc6 41. Qc3+ Bc4 42. Be4+ (42. Bxc4 Qf4+ 43. Kg1 bxc4 $14) 42... d5 43. Qe5) 40... Kc6 {[#] ...Qf4+ is the strong threat.} 41. Be4 $2 (41. Qa7 $11 Qf4+ 42. Kg1) 41... Qf4+ $19 42. Kg1 Qc1+ (42... Bxe4 $17 43. Rxe4 Qxf5) 43. Kh2 (43. Kf2 $11 {remains equal.} Qf4+ 44. Kg1 Bxe4 45. Rxe4 Qxf5 46. Re2) 43... Qf4+ $17 44. Kg1 Qc1+ (44... Bxe4 $17 45. Rxe4 Qxf5) 45. Kf2 $11 {[#] Threatens to win with Bxd5+.} Qf4+ 46. Ke1 $2 (46. Kg1 $11 {and White is okay.} Bxe4 47. Rxe4 Qxf5 48. Re2) 46... Qc1+ 47. Kf2 Qf4+ 48. Ke1 {And now Bxd5+ would win.} Qc1+ $2 (48... Bxe4 $19 49. Qxe4+ Qxe4 50. Rxe4 Rxg2) 49. Kf2 Qf4+ 50. Kg1 (50. Ke1 $11 Bxe4 51. Qxe4+ Qxe4 52. Rxe4) 50... Qc1+ (50... Bxe4 $17 51. Rxe4 Qxf5) 51. Kf2 {Strongly threatening Bxd5+.} Qf4+ {Precision: White = 57%, Black = 30%.} 1/2-1/2